[Event "Feffernitz op 32nd"]
[Site "Feffernitz"]
[Date "2023.08.08"]
[Round "5"]
[White "Karasek, Lukas"]
[Black "Missethan, Michael"]
[Result "1/2-1/2"]
[WhiteElo "2235"]
[BlackElo "2011"]
[PlyCount "79"]
[EventDate "2023.08.05"]
[EventType "swiss"]
[EventRounds "9"]
[EventCountry "AUT"]
[SourceTitle "CBM 215 Extra"]
[Source "ChessBase"]
[SourceDate "2023.09.30"]
[SourceVersion "1"]
[SourceVersionDate "2023.09.30"]
[SourceQuality "1"]

1. c4 e6 2. Nf3 d5 3. d4 Nf6 4. Nc3 Be7 5. Bf4 0-0 6. e3 dxc4 7. Bxc4 c5 8. dxc5 Bxc5 9. 0-0 Nc6 10. Rc1 Nh5 11. Ne4 Nxf4 12. Nxc5 Ng6 13. Qa4 Qe7 14. Bb5 Nce5 15. Nxe5 Nxe5 16. Qe4 Ng6 17. Rfd1 Rb8 18. Qc2 b6 19. Nd7 Bxd7 20. Rxd7 Qg5 21. Bf1 a5 22. Qc7 Qe5 23. Rc2 Qxc7 24. Rcxc7 Ne5 25. Rd6 g5 26. f4 Ng4 27. Rc3 Nf6 28. Rb3 gxf4 29. exf4 Nd5 30. g3 Rfd8 31. Rc6 Nb4 32. Rc7 Nxa2 33. f5 Nb4 34. fxe6 fxe6 35. Rf3 Rf8 36. Rxf8+ Rxf8 37. Bh3 Re8 38. Rb7 Nd5 39. Bg2 Rc8 40. Bxd5 1/2-1/2

[Event "Steyr Landesliga 2122"]
[Site "Austria"]
[Date "2021.11.13"]
[Round "2.3"]
[White "Missethan, Michael"]
[Black "Stuhlik, Marko"]
[Result "1/2-1/2"]
[WhiteElo "2006"]
[BlackElo "2163"]
[PlyCount "52"]
[EventDate "2021.10.16"]
[EventType "team-tourn"]
[EventRounds "11"]
[EventCountry "AUT"]
[SourceTitle "EXT 2023"]
[Source "ChessBase"]
[SourceDate "2022.10.05"]
[SourceVersion "1"]
[SourceVersionDate "2022.10.05"]
[SourceQuality "1"]
[WhiteTeam "Gleisdorf"]
[BlackTeam "Trofaiach Niklasdorf"]
[WhiteTeamCountry "AUT"]
[BlackTeamCountry "AUT"]

1. e4 d6 2. d4 g6 3. Nf3 Bg7 4. c3 Nf6 5. Bd3 0-0 6. 0-0 Nc6 7. Be3 e5 8. dxe5 dxe5 9. h3 b6 10. Na3 Bb7 11. Qc2 Qe7 12. Nc4 Nd7 13. b4 Nd8 14. Bg5 f6 15. Bd2 Ne6 16. Ne3 c6 17. Bc4 Kh8 18. Bb3 Rfc8 19. a3 Nf4 20. Nc4 Nf8 21. Rad1 Rd8 22. Be3 Rxd1 23. Rxd1 Rd8 24. Rxd8 Qxd8 25. Bxf4 exf4 26. Qd2 Qxd2 1/2-1/2

[Event "AUT-ch Vor4 Internet"]
[Site "Playchess.com INT"]
[Date "2020.04.25"]
[Round "1"]
[White "Missethan, Michael"]
[Black "Schreiner, Peter"]
[Result "0-1"]
[WhiteElo "2015"]
[BlackElo "2440"]
[PlyCount "70"]
[EventDate "2020.04.25"]
[EventType "swiss (blitz)"]
[EventRounds "9"]
[EventCountry "AUT"]
[SourceTitle "EXT 2021"]
[Source "ChessBase"]
[SourceDate "2020.10.23"]
[SourceVersion "1"]
[SourceVersionDate "2020.10.23"]
[SourceQuality "1"]

1. e4 c5 2. Nf3 Nc6 3. Bb5 g6 4. Bxc6 dxc6 5. 0-0 Bg7 6. d3 Nf6 7. Nc3 0-0 8. Bg5 h6 9. Bh4 Ne8 10. Bg3 Nc7 11. Re1 Re8 12. h3 e5 13. Qe2 f6 14. Nd1 Be6 15. Ne3 Bf7 16. Nc4 Ne6 17. Rad1 b5 18. Ncd2 a5 19. Qe3 a4 20. c3 Qe7 21. a3 Red8 22. Nf1 Qa7 23. N1h2 Rd7 24. Ng4 Kh7 25. Bxe5 fxe5 26. Nfxe5 Rc7 27. h4 h5 28. Nxf7 Rxf7 29. Nh2 Raf8 30. Nf3 Bh6 31. Qe2 Nf4 32. Qc2 Nxg2 33. Kxg2 Rxf3 34. Re2 Qd7 35. Rg1 Qh3# 0-1

[Event "AUT-ch Vor4 Internet"]
[Site "Playchess.com INT"]
[Date "2020.04.25"]
[Round "2"]
[White "Wilplinger, Hugo"]
[Black "Missethan, Michael"]
[Result "0-1"]
[WhiteElo "1629"]
[BlackElo "2015"]
[PlyCount "56"]
[EventDate "2020.04.25"]
[EventType "swiss (blitz)"]
[EventRounds "9"]
[EventCountry "AUT"]
[SourceTitle "EXT 2021"]
[Source "ChessBase"]
[SourceDate "2020.10.23"]
[SourceVersion "1"]
[SourceVersionDate "2020.10.23"]
[SourceQuality "1"]

1. e4 c6 2. Nf3 d5 3. exd5 cxd5 4. d4 Nc6 5. Be2 Qc7 6. 0-0 Bg4 7. c3 e6 8. h3 Bh5 9. Nh2 Bxe2 10. Qxe2 Nf6 11. Nd2 Be7 12. Ng4 0-0 13. Nb3 Na5 14. Nxa5 Qxa5 15. Ne5 Rfc8 16. Bg5 b5 17. Rfe1 Qc7 18. Qxb5 Rab8 19. Qe2 Ne4 20. Bxe7 Qxe7 21. f3 Nd6 22. a3 Qb7 23. Rab1 Qc7 24. Rec1 Rb3 25. h4 Rcb8 26. Rf1 Nb5 27. Rf2 Nxa3 28. Ra1 Nb5 0-1

[Event "AUT-ch Vor3 Internet"]
[Site "Playchess.com INT"]
[Date "2020.04.17"]
[Round "8"]
[White "Missethan, Michael"]
[Black "Kuecher, Wolfgang"]
[Result "0-1"]
[WhiteElo "2015"]
[BlackElo "2117"]
[PlyCount "108"]
[EventDate "2020.04.17"]
[EventType "swiss (blitz)"]
[EventRounds "9"]
[EventCountry "AUT"]
[SourceTitle "CBM 195 Extra"]
[Source "ChessBase"]
[SourceDate "2020.05.31"]
[SourceVersion "1"]
[SourceVersionDate "2020.05.31"]
[SourceQuality "1"]

1. e4 g6 2. d4 Bg7 3. Nf3 d6 4. Bd3 a6 5. c3 Nc6 6. 0-0 e5 7. Be3 Nge7 8. Nbd2 h6 9. d5 Nb8 10. Ne1 0-0 11. Nc4 f5 12. f3 f4 13. Bf2 g5 14. Nd2 Nd7 15. b4 Nf6 16. c4 h5 17. c5 Ng6 18. cxd6 cxd6 19. Nc4 g4 20. Bb6 Qe7 21. Kh1 g3 22. a4 Nh7 23. Rc1 h4 24. Na5 h3 25. Rc7 Qh4 26. Qe2 hxg2+ 27. Qxg2 Bh3 28. Qg1 Bxf1 29. Bxf1 Rf7 30. Nxb7 gxh2 31. Qxh2 Qxe1 32. Qg1 Qh4+ 33. Qh2 Qxh2+ 34. Kxh2 Rb8 35. Nxd6 Rxc7 36. Bxc7 Rxb4 37. a5 Ng5 38. Bg2 Rb2 39. Nf5 Nxf3+ 40. Kh1 Rb1+ 41. Bf1 Rxf1+ 42. Kg2 Nd2 43. d6 Bf6 44. d7 Nh4+ 45. Kh3 Nxf5 46. exf5 Ne4 47. Bxe5 Rd1 48. Bxf4 Rxd7 49. Kg4 Rd4 50. Bc7 Nc5+ 51. Kf3 Nb3 52. Bb6 Ra4 53. Ke3 Bd4+ 54. Bxd4 Nxd4 0-1

[Event "AUT-ch Vor3 Internet"]
[Site "Playchess.com INT"]
[Date "2020.04.17"]
[Round "9"]
[White "Postl, Anton"]
[Black "Missethan, Michael"]
[Result "1-0"]
[WhiteElo "2290"]
[BlackElo "2015"]
[PlyCount "133"]
[EventDate "2020.04.17"]
[EventType "swiss (blitz)"]
[EventRounds "9"]
[EventCountry "AUT"]
[SourceTitle "CBM 195 Extra"]
[Source "ChessBase"]
[SourceDate "2020.05.31"]
[SourceVersion "1"]
[SourceVersionDate "2020.05.31"]
[SourceQuality "1"]

1. Nf3 Nf6 2. g3 d5 3. Bg2 c5 4. 0-0 Nc6 5. c4 Bf5 6. cxd5 Nxd5 7. d3 Bg6 8. a3 e6 9. Nc3 Be7 10. Bd2 0-0 11. Rc1 b6 12. Qa4 Rc8 13. Rfe1 Bf6 14. e4 Nxc3 15. Bxc3 Bxc3 16. Rxc3 Qd7 17. b4 Ne5 18. Qxd7 Nxd7 19. Rec1 Rcd8 20. Kf1 f6 21. Ke1 Bf7 22. Nd2 Ne5 23. Bf1 cxb4 24. axb4 Rd7 25. Nb3 Rfd8 26. d4 Ng6 27. Bc4 Kf8 28. Ke2 Ne7 29. Ke3 Ke8 30. Bb5 Ng6 31. h4 Ke7 32. Bxd7 Rxd7 33. h5 Nf8 34. Rc7 Kd6 35. Rxd7+ Nxd7 36. Nd2 Bxh5 37. Ra1 a5 38. bxa5 bxa5 39. Rxa5 Bg6 40. Ra6+ Ke7 41. Ra7 Ke8 42. Nc4 f5 43. e5 Bh5 44. f3 g5 45. f4 gxf4+ 46. Kxf4 Bg4 47. Kg5 h5 48. Ne3 Nb6 49. Rh7 Kf8 50. Kf6 Kg8 51. Rb7 Nd5+ 52. Nxd5 exd5 53. e6 f4 54. gxf4 h4 55. e7 Bh5 56. Kg5 Be8 57. Kxh4 Kf7 58. Kg5 Ke6 59. f5+ Kf7 60. f6 Ke6 61. Rb8 Kf7 62. Rxe8 Kxe8 63. Kg6 Kd7 64. Kg7 Ke8 65. f7+ Kxe7 66. f8Q+ Ke6 67. Qf6+ 1-0

[Event "AUT-ch Vor2 Internet"]
[Site "Playchess.com INT"]
[Date "2020.04.13"]
[Round "9"]
[White "Mayrhuber, Nikola"]
[Black "Missethan, Michael"]
[Result "1-0"]
[WhiteElo "2025"]
[BlackElo "2015"]
[PlyCount "135"]
[EventDate "2020.04.13"]
[EventType "swiss (blitz)"]
[EventRounds "9"]
[EventCountry "AUT"]
[SourceTitle "CBM 195 Extra"]
[Source "ChessBase"]
[SourceDate "2020.05.31"]
[SourceVersion "1"]
[SourceVersionDate "2020.05.31"]
[SourceQuality "1"]

1. d4 d5 2. c4 e6 3. g3 Nf6 4. Bg2 Be7 5. Nf3 dxc4 6. 0-0 Nc6 7. Ne5 Nxe5 8. dxe5 Qxd1 9. Rxd1 Nd5 10. Na3 Bxa3 11. bxa3 c6 12. a4 Bd7 13. Ba3 Nc3 14. Rd2 Nxa4 15. Rad1 Rd8 16. Bd6 Bc8 17. Rc2 Nb6 18. e3 f6 19. Rdc1 fxe5 20. Bxe5 Rg8 21. Bc7 Rd3 22. Be4 Rd7 23. Be5 g6 24. Bf3 Rf7 25. Bg4 Rgf8 26. Bf4 Bd7 27. Bd6 Rg8 28. Rc3 h5 29. Bh3 g5 30. Bg2 g4 31. e4 Rg6 32. e5 Rg5 33. a3 Rgf5 34. R1c2 Kd8 35. Be4 Rg5 36. Rd2 Kc8 37. Ra2 Rg8 38. a4 Nd5 39. Rcc2 c3 40. a5 a6 41. Rab2 cxb2 42. Rxb2 Rg5 43. Rc2 Rgf5 44. Bxf5 Rxf5 45. Kg2 Rf3 46. Rb2 Ra3 47. Bxa3 c5 48. Bxc5 Bb5 49. Bd6 Kd7 50. Rc2 Bd3 51. Rd2 Be4+ 52. Kg1 Kc6 53. Rb2 Bf3 54. Kf1 Be4 55. Ke1 Bd3 56. Kd2 Bb5 57. Rc2+ Kd7 58. Rc5 Ke8 59. Rc1 Kf7 60. Rc8 Kg6 61. Rg8+ Kf5 62. Rh8 Ke4 63. Rxh5 Nb4 64. Bxb4 Kf3 65. Rh4 Kxf2 66. Rxg4 Kg2 67. Rg7 Bc6 68. h4 1-0

[Event "AUT-ch Vor2 Internet"]
[Site "Playchess.com INT"]
[Date "2020.04.13"]
[Round "5"]
[White "Missethan, Michael"]
[Black "Ploeckinger, Paul"]
[Result "1-0"]
[WhiteElo "2015"]
[BlackElo "1334"]
[PlyCount "143"]
[EventDate "2020.04.13"]
[EventType "swiss (blitz)"]
[EventRounds "9"]
[EventCountry "AUT"]
[SourceTitle "CBM 195 Extra"]
[Source "ChessBase"]
[SourceDate "2020.05.31"]
[SourceVersion "1"]
[SourceVersionDate "2020.05.31"]
[SourceQuality "1"]

1. e4 c5 2. Nf3 Nc6 3. Bb5 Qc7 4. 0-0 e6 5. Bxc6 Qxc6 6. d3 Ne7 7. Nc3 d5 8. exd5 Nxd5 9. Nxd5 exd5 10. Re1+ Be7 11. Qe2 Be6 12. d4 cxd4 13. Nxd4 Qd6 14. Nxe6 fxe6 15. Qxe6 Qxe6 16. Rxe6 Kf7 17. Re2 Rac8 18. Be3 Bf6 19. c3 b6 20. Rd1 Rhd8 21. Red2 Ke6 22. Bd4 Bxd4 23. Rxd4 Rc5 24. f4 Rb5 25. R1d2 a5 26. Kf2 Kf5 27. h3 h5 28. Kf3 g6 29. g4+ hxg4+ 30. hxg4+ Kf6 31. Rh2 Rd6 32. Rdd2 a4 33. Rh8 Kg7 34. Ra8 Ra5 35. Rxa5 bxa5 36. Rd4 Rb6 37. Rxa4 Rxb2 38. Rxa5 Rc2 39. Rxd5 Rxc3+ 40. Ke4 Rc2 41. a4 Rc4+ 42. Rd4 Rc1 43. Ke5 Re1+ 44. Re4 Ra1 45. Ke6 Ra3 46. f5 gxf5 47. gxf5 Rf3 48. Rg4+ Kf8 49. Kf6 Rb3 50. Re4 Rb6+ 51. Re6 Rb4 52. a5 Ra4 53. a6 Ra5 54. Rb6 Ke8 55. Rb8+ Kd7 56. Rb6 Kc7 57. Re6 Kd7 58. Re7+ Kd8 59. a7 Ra6+ 60. Kf7 Kc8 61. a8Q+ Rxa8 62. Re8+ Kb7 63. Rxa8 Kxa8 64. Ke7 Kb7 65. f6 Kc7 66. f7 Kc8 67. f8Q+ Kc7 68. Qf6 Kb7 69. Kd7 Ka7 70. Qb2 Ka6 71. Kc6 Ka7 72. Qb7# 1-0

[Event "AUT-ch Vor2 Internet"]
[Site "Playchess.com INT"]
[Date "2020.04.13"]
[Round "3"]
[White "Missethan, Michael"]
[Black "Stolzlechner, Andreas"]
[Result "1-0"]
[WhiteElo "2015"]
[BlackElo "1835"]
[PlyCount "67"]
[EventDate "2020.04.13"]
[EventType "swiss (blitz)"]
[EventRounds "9"]
[EventCountry "AUT"]
[SourceTitle "CBM 195 Extra"]
[Source "ChessBase"]
[SourceDate "2020.05.31"]
[SourceVersion "1"]
[SourceVersionDate "2020.05.31"]
[SourceQuality "1"]

1. e4 e5 2. Nf3 Nc6 3. Nc3 Nf6 4. d4 Nxd4 5. Nxd4 exd4 6. Qxd4 d6 7. Bg5 Be7 8. Bd3 h6 9. Bh4 Be6 10. 0-0 0-0 11. Ne2 Ng4 12. Bxe7 Qxe7 13. h3 Ne5 14. Nf4 Nxd3 15. Qxd3 Qg5 16. Nxe6 fxe6 17. Qb3 Rf6 18. Qxb7 Raf8 19. Qxc7 Rg6 20. g3 Qe5 21. Qc3 Qxe4 22. Rae1 Qf5 23. Qd3 Qh5 24. Kh2 d5 25. Re3 Rgf6 26. Qe2 Qf7 27. Kg2 g6 28. Ra3 Kh7 29. Qe3 Re8 30. Rxa7 Re7 31. Rxe7 Qxe7 32. a4 Qb7 33. Qb3 d4+ 34. Qxb7+ 1-0

[Event "AUT-ch Vor1 Internet"]
[Site "Playchess.com INT"]
[Date "2020.04.11"]
[Round "9"]
[White "Belke, Frank"]
[Black "Missethan, Michael"]
[Result "1-0"]
[WhiteElo "2273"]
[BlackElo "2015"]
[PlyCount "145"]
[EventDate "2020.04.11"]
[EventType "swiss (blitz)"]
[EventRounds "9"]
[EventCountry "AUT"]
[SourceTitle "CBM 195 Extra"]
[Source "ChessBase"]
[SourceDate "2020.05.31"]
[SourceVersion "1"]
[SourceVersionDate "2020.05.31"]
[SourceQuality "1"]

1. d4 d5 2. c4 e6 3. Nc3 Nf6 4. Bg5 Be7 5. Nf3 h6 6. Bh4 0-0 7. Qc2 a6 8. e3 dxc4 9. Bxc4 b5 10. Be2 Bb7 11. 0-0 c5 12. Rad1 Nbd7 13. Ne5 Nxe5 14. dxe5 Nd5 15. Bg3 Qc7 16. Ne4 Nb4 17. Qb1 Qc6 18. Bf3 Qc7 19. Rc1 Rfd8 20. a3 Nd3 21. Rc3 Nxe5 22. Nxc5 Nxf3+ 23. gxf3 Qb6 24. Nxb7 Qxb7 25. Qe4 Qxe4 26. fxe4 Rd2 27. b4 Rad8 28. Rc6 Bf6 29. Rxa6 Ra2 30. Ra5 Rdd2 31. Rxb5 Rxa3 32. Rc1 Rb3 33. Rc8+ Kh7 34. Rb7 Kg6 35. Rcc7 Rdb2 36. Bd6 Rb1+ 37. Kg2 R3b2 38. Rxf7 Ra1 39. Bg3 Raa2 40. Kf3 h5 41. e5 h4 42. exf6 hxg3 43. Rxg7+ Kxf6 44. Rbf7+ Ke5 45. fxg3 Rxb4 46. Rg5+ Kd6 47. Rg8 Rxh2 48. Rd8+ Kc6 49. Rf4 Rb3 50. Rdd4 Rh1 51. Rfe4 Rf1+ 52. Kg4 Re1 53. Rxe6+ Kc7 54. Rde4 Rb8 55. Re7+ Kc6 56. R7e6+ Kc7 57. Re8 Rb2 58. Kg5 Rb5+ 59. R8e5 Rb8 60. Re8 Rb2 61. g4 Rg2 62. R4e7+ Kd6 63. Re6+ Kd7 64. R8e7+ Kd8 65. Rh7 Reg1 66. Re4 Rd1 67. Ra4 Rd5+ 68. Kf4 Rd7 69. Ra8+ Kc7 70. Ra7+ Kc6 71. Raxd7 Kc5 72. g5 Kc6 73. Kf5 1-0

[Event "AUT-ch Vor1 Internet"]
[Site "Playchess.com INT"]
[Date "2020.04.11"]
[Round "4"]
[White "Klinglmair, Guenter"]
[Black "Missethan, Michael"]
[Result "0-1"]
[WhiteElo "1483"]
[BlackElo "2015"]
[PlyCount "104"]
[EventDate "2020.04.11"]
[EventType "swiss (blitz)"]
[EventRounds "9"]
[EventCountry "AUT"]
[SourceTitle "CBM 195 Extra"]
[Source "ChessBase"]
[SourceDate "2020.05.31"]
[SourceVersion "1"]
[SourceVersionDate "2020.05.31"]
[SourceQuality "1"]

1. Nf3 Nf6 2. g3 d5 3. Bg2 Bg4 4. 0-0 e6 5. Re1 c5 6. d3 Nc6 7. Bg5 Be7 8. Bf4 0-0 9. Nbd2 Rc8 10. c3 Bd6 11. Bg5 h6 12. Bxf6 Qxf6 13. e4 Qd8 14. exd5 exd5 15. Qc2 Qd7 16. b3 Rfe8 17. d4 cxd4 18. c4 Nb4 19. Qb1 d3 20. a3 Nc2 21. Rxe8+ Qxe8 22. Ra2 Nxa3 23. Qxd3 Qd7 24. Qxd5 Be6 25. Qe4 Bb4 26. Qd4 Rd8 27. Qxd7 Rxd7 28. Ne4 Rd1+ 29. Bf1 Bf5 30. Ned2 Bd3 31. h4 Nb1 32. Nxb1 Rxf1+ 33. Kg2 Rxb1 34. Ne5 Be4+ 35. Kh3 a6 36. Re2 Bc6 37. Nd3 Rxb3 38. Re8+ Bxe8 39. Nf4 Bd7+ 40. Kg2 a5 41. Nd5 Rb2 42. Nb6 Bc6+ 43. Kh3 a4 44. c5 a3 45. Nc4 Rxf2 46. Ne5 a2 47. Nc4 a1Q 48. Ne5 Qh1+ 49. Kg4 Qd1+ 50. Kh3 Bd7+ 51. Nxd7 Qxd7+ 52. g4 Qd3# 0-1

[Event "AUT-ch Vor1 Internet"]
[Site "Playchess.com INT"]
[Date "2020.04.11"]
[Round "7"]
[White "Mira, Helene"]
[Black "Missethan, Michael"]
[Result "1/2-1/2"]
[WhiteElo "2082"]
[BlackElo "2015"]
[PlyCount "94"]
[EventDate "2020.04.11"]
[EventType "swiss (blitz)"]
[EventRounds "9"]
[EventCountry "AUT"]
[SourceTitle "CBM 195 Extra"]
[Source "ChessBase"]
[SourceDate "2020.05.31"]
[SourceVersion "1"]
[SourceVersionDate "2020.05.31"]
[SourceQuality "1"]

1. d4 d5 2. c4 e6 3. Nc3 Nf6 4. Bg5 Be7 5. e3 h6 6. Bh4 0-0 7. f4 a6 8. Nf3 dxc4 9. Bxc4 b5 10. Bb3 Bb7 11. 0-0 c5 12. Bxf6 Bxf6 13. dxc5 Bxc3 14. bxc3 Qc7 15. Qd6 Rc8 16. Rad1 Nc6 17. Rd2 Na5 18. Rfd1 Nxb3 19. axb3 Bxf3 20. gxf3 Qxc5 21. Qxc5 Rxc5 22. Rd8+ Rxd8 23. Rxd8+ Kh7 24. Rd3 Kg6 25. e4 a5 26. Kf2 a4 27. bxa4 bxa4 28. Ke3 Rb5 29. Rd4 Ra5 30. Rd2 a3 31. Ra2 Kf6 32. Kd4 Ke7 33. Kc4 Kd6 34. Kb4 Rh5 35. Rxa3 Rh3 36. c4 Rxh2 37. c5+ Kc7 38. Kb5 Rb2+ 39. Kc4 h5 40. Ra7+ Rb7 41. Ra8 g6 42. Rf8 Kc6 43. Rc8+ Rc7 44. Rh8 Ra7 45. Rc8+ Rc7 46. Rh8 Ra7 47. Rc8+ Rc7 1/2-1/2

[Event "AUT-ch Vor1 Internet"]
[Site "Playchess.com INT"]
[Date "2020.04.11"]
[Round "2"]
[White "Missethan, Michael"]
[Black "Neuschmied, Siegfried"]
[Result "0-1"]
[WhiteElo "2015"]
[BlackElo "2268"]
[PlyCount "162"]
[EventDate "2020.04.11"]
[EventType "swiss (blitz)"]
[EventRounds "9"]
[EventCountry "AUT"]
[SourceTitle "CBM 195 Extra"]
[Source "ChessBase"]
[SourceDate "2020.05.31"]
[SourceVersion "1"]
[SourceVersionDate "2020.05.31"]
[SourceQuality "1"]

1. e4 d6 2. d4 Nf6 3. Bd3 g6 4. Nf3 Bg7 5. 0-0 0-0 6. c3 Nc6 7. Bg5 h6 8. Bh4 e5 9. dxe5 Nxe5 10. Nxe5 dxe5 11. Bc2 Qe7 12. Nd2 Be6 13. Qe2 c6 14. Nf3 g5 15. Bg3 Bg4 16. h3 Bh5 17. Qe3 Nd7 18. Bb3 Nc5 19. Bc2 Rfd8 20. Rfd1 a5 21. Rxd8+ Rxd8 22. Rd1 Rxd1+ 23. Bxd1 Bg6 24. Bc2 Qd6 25. Qd2 Qxd2 26. Nxd2 a4 27. f3 b5 28. Bf2 Bf8 29. Kf1 f6 30. Ke2 Bf7 31. b3 axb3 32. axb3 Ne6 33. g3 Bd6 34. Nf1 Kf8 35. Ne3 Ng7 36. c4 bxc4 37. Nxc4 Bxc4+ 38. bxc4 Ne6 39. Kd3 Ke7 40. Bb3 Bc5 41. Bxc5+ Nxc5+ 42. Kc3 Kd6 43. Bc2 Ne6 44. Kd3 Kc5 45. Kc3 Nd4 46. Bd1 Ne6 47. Be2 Nc7 48. Bd1 Na8 49. Be2 Nb6 50. Bd3 Na4+ 51. Kb3 Nb6 52. Kc3 Nd7 53. Be2 Nf8 54. Bd3 Ng6 55. Be2 h5 56. Bd1 h4 57. gxh4 Nxh4 58. Be2 Ng2 59. Bf1 Nf4 60. Kb3 Kd4 61. Kb4 c5+ 62. Kb5 Ng6 63. Kc6 Nh4 64. Be2 f5 65. exf5 Nxf5 66. Bd1 Ne3 67. Be2 Nxc4 68. Kd7 Nd2 69. Ke6 c4 70. Kf5 c3 71. Bd1 Nxf3 72. Kg4 Ke3 73. Bc2 e4 74. Kf5 Nd4+ 75. Kxg5 Nxc2 76. h4 Nd4 77. h5 c2 78. h6 Ne6+ 79. Kf6 Nf8 80. Kg7 c1Q 81. h7 Nxh7 0-1

[Event "AUT-ch Vor1 Internet"]
[Site "Playchess.com INT"]
[Date "2020.04.11"]
[Round "3"]
[White "Schneider Zinner, Harald"]
[Black "Missethan, Michael"]
[Result "1-0"]
[WhiteElo "2381"]
[BlackElo "2015"]
[PlyCount "49"]
[EventDate "2020.04.11"]
[EventType "swiss (blitz)"]
[EventRounds "9"]
[EventCountry "AUT"]
[SourceTitle "CBM 195 Extra"]
[Source "ChessBase"]
[SourceDate "2020.05.31"]
[SourceVersion "1"]
[SourceVersionDate "2020.05.31"]
[SourceQuality "1"]

1. d4 d5 2. c4 e6 3. cxd5 exd5 4. Bf4 Nf6 5. e3 Bd6 6. Bg3 0-0 7. Bd3 c6 8. Nc3 Bg4 9. Qc2 Bh5 10. Nge2 Bg6 11. Nf4 Bxd3 12. Nxd3 Re8 13. 0-0 Bxg3 14. hxg3 Nbd7 15. b4 Nb6 16. b5 Nc4 17. bxc6 bxc6 18. Nc5 Rb8 19. Rab1 Qd6 20. e4 Rb6 21. e5 Qc7 22. exf6 Na3 23. Rbe1 Reb8 24. Qc1 Nc4 25. Qg5 1-0

[Event "AUT-ch Vor1 Internet"]
[Site "Playchess.com INT"]
[Date "2020.04.11"]
[Round "1"]
[White "Staudacher, Karl Heinz"]
[Black "Missethan, Michael"]
[Result "0-1"]
[WhiteElo "1734"]
[BlackElo "2015"]
[PlyCount "35"]
[EventDate "2020.04.11"]
[EventType "swiss (blitz)"]
[EventRounds "9"]
[EventCountry "AUT"]
[SourceTitle "CBM 195 Extra"]
[Source "ChessBase"]
[SourceDate "2020.05.31"]
[SourceVersion "1"]
[SourceVersionDate "2020.05.31"]
[SourceQuality "1"]

1. Nf3 Nf6 2. g3 d5 3. Bg2 c5 4. c4 e6 5. 0-0 Be7 6. b3 0-0 7. Bb2 Nc6 8. Nc3 b6 9. cxd5 exd5 10. e3 Bb7 11. Rb1 Rc8 12. a3 Re8 13. Qc2 d4 14. exd4 Nxd4 15. Nxd4 Bxg2 16. Kxg2 cxd4 17. Nb5 Rxc2 18. Nxa7 0-1

[Event "St Veit op 36th"]
[Site "St Veit"]
[Date "2017.07.08"]
[Round "1"]
[White "Missethan, Michael"]
[Black "Gutman, Lev"]
[Result "0-1"]
[WhiteElo "2065"]
[BlackElo "2407"]
[PlyCount "82"]
[EventDate "2017.07.08"]
[EventType "swiss"]
[EventRounds "9"]
[EventCountry "AUT"]
[SourceTitle "EXT 2018"]
[Source "ChessBase"]
[SourceDate "2017.10.13"]
[SourceVersion "1"]
[SourceVersionDate "2017.10.13"]
[SourceQuality "1"]

1. e4 g6 2. d4 Bg7 3. Nf3 c6 4. Bd3 Nf6 5. 0-0 0-0 6. c3 d6 7. Re1 Qc7 8. Bf4 Nh5 9. Be3 e5 10. dxe5 dxe5 11. Bc4 Nd7 12. Nbd2 b5 13. Bb3 Nf4 14. Bc2 Nf6 15. Bxf4 exf4 16. Qe2 Rb8 17. Rad1 b4 18. cxb4 Rxb4 19. Nc4 Ba6 20. b3 Bxc4 21. bxc4 Ng4 22. h3 Ne5 23. Nxe5 Bxe5 24. Rb1 Qb6 25. Rxb4 Qxb4 26. Rb1 Qa3 27. Bd3 Rd8 28. Rb3 Qd6 29. Qc2 f3 30. Bf1 fxg2 31. Bxg2 Qf6 32. Rf3 Qg5 33. Ra3 Bd4 34. Qd1 c5 35. Qc2 Rd6 36. Rf3 Rb6 37. Rb3 Rf6 38. Rb8+ Kg7 39. Rb3 Rxf2 40. Qxf2 Bxf2+ 41. Kxf2 Qd2+ 0-1

[Event "Steyr Landesliga 1617"]
[Site "Austria"]
[Date "2017.04.01"]
[Round "9.6"]
[White "Missethan, Michael"]
[Black "Krumphals, Alfred"]
[Result "1-0"]
[WhiteElo "2053"]
[BlackElo "1992"]
[PlyCount "63"]
[EventDate "2016.10.01"]
[EventType "team-tourn"]
[EventRounds "11"]
[EventCountry "AUT"]
[SourceTitle "EXT 2018"]
[Source "ChessBase"]
[SourceDate "2017.10.13"]
[SourceVersion "1"]
[SourceVersionDate "2017.10.13"]
[SourceQuality "1"]
[WhiteTeam "Gleisdorf"]
[BlackTeam "Ratten Krieglach"]
[WhiteTeamCountry "AUT"]
[BlackTeamCountry "AUT"]

1. e4 e5 2. Nf3 Nc6 3. Nc3 Bc5 4. Nxe5 Bxf2+ 5. Kxf2 Nxe5 6. d4 Ng6 7. Bc4 d6 8. Rf1 Qh4+ 9. Kg1 Nf6 10. g3 Qh3 11. Bg5 Bg4 12. Qd2 h5 13. Rxf6 gxf6 14. Bf1 fxg5 15. Bxh3 Bxh3 16. Qxg5 c6 17. Re1 Kd7 18. Qf6 Rhf8 19. e5 dxe5 20. dxe5 Rae8 21. Na4 Re7 22. Nc5+ Kc8 23. Ne4 Re6 24. Nd6+ Kd7 25. Qg5 h4 26. Nxb7 Kc7 27. Nc5 Re7 28. Qf6 Rfe8 29. Qd6+ Kb6 30. Re3 Rxe5 31. Rb3+ Ka5 32. Qc7# 1-0

[Event "Steyr Landesliga 1617"]
[Site "Austria"]
[Date "2016.11.26"]
[Round "5.4"]
[White "Missethan, Michael"]
[Black "Stuhlik, Marko"]
[Result "1/2-1/2"]
[WhiteElo "2053"]
[BlackElo "2118"]
[PlyCount "55"]
[EventDate "2016.10.01"]
[EventType "team-tourn"]
[EventRounds "11"]
[EventCountry "AUT"]
[SourceTitle "EXT 2018"]
[Source "ChessBase"]
[SourceDate "2017.10.13"]
[SourceVersion "1"]
[SourceVersionDate "2017.10.13"]
[SourceQuality "1"]
[WhiteTeam "Gleisdorf"]
[BlackTeam "Trofaiach Niklasdorf"]
[WhiteTeamCountry "AUT"]
[BlackTeamCountry "AUT"]

1. e4 d6 2. d4 Nf6 3. Nc3 c6 4. f4 Qa5 5. e5 Ne4 6. Qf3 Nxc3 7. Bd2 Bf5 8. Bd3 e6 9. Bxc3 Qd5 10. Qxd5 cxd5 11. Bxf5 exf5 12. 0-0-0 Nc6 13. Ne2 Be7 14. Be1 0-0-0 15. Bf2 Rd7 16. h3 dxe5 17. dxe5 f6 18. exf6 Bxf6 19. c3 Re8 20. Nd4 Re4 21. g3 Bxd4 22. Bxd4 Nxd4 23. Rxd4 Rxd4 24. cxd4 Re7 25. Kd2 Kd7 26. Rc1 b6 27. Kd3 Re6 28. Rg1 1/2-1/2

[Event "Steyr Landesliga 1617"]
[Site "Austria"]
[Date "2016.10.29"]
[Round "3.7"]
[White "Meixner, Helmut"]
[Black "Missethan, Michael"]
[Result "1-0"]
[WhiteElo "1953"]
[BlackElo "2053"]
[PlyCount "69"]
[EventDate "2016.10.01"]
[EventType "team-tourn"]
[EventRounds "11"]
[EventCountry "AUT"]
[SourceTitle "CBM 175 Extra"]
[Source "ChessBase"]
[SourceDate "2016.12.12"]
[SourceVersion "1"]
[SourceVersionDate "2016.12.12"]
[SourceQuality "1"]
[WhiteTeam "Gamlitz"]
[BlackTeam "Gleisdorf"]
[WhiteTeamCountry "AUT"]
[BlackTeamCountry "AUT"]

1. d4 d5 2. c4 e6 3. Nc3 Nf6 4. Nf3 Be7 5. Bg5 h6 6. Bh4 0-0 7. e3 Ne4 8. Bxe7 Qxe7 9. Bd3 Nxc3 10. bxc3 dxc4 11. Bxc4 b6 12. 0-0 Bb7 13. Qe2 Nd7 14. e4 Nf6 15. Bd3 c5 16. Rac1 Rac8 17. Qe3 Rc7 18. Ne5 Rfc8 19. Rcd1 cxd4 20. cxd4 Rc3 21. Qf4 Qd6 22. Bb1 Qb4 23. Nxf7 Kxf7 24. e5 Qe7 25. exf6 Qxf6 26. Qg4 Rd8 27. Rfe1 Rd5 28. Be4 Rg5 29. Qe2 Bd5 30. h4 Rg6 31. Bxd5 Qxh4 32. Bxe6+ Kf8 33. Bf5 Rxg2+ 34. Kxg2 Qg5+ 35. Bg4 1-0